000
00197 a2200097 4500
001
4530
100
_a
Streeter,V.L
245
_a
Fulid mechanics
260
_a
_b
Mcgrawhill
_c
090
_c
3728
_d
3728
942
_a
NUST-CAE
_c
M
_c
29965
999
_c
239603
_d
239603